000 00762nam a22002537a 4500
001 89055
003 UA-OsUOA
005 20200602161037.0
007 ta
008 20121024b un ||||| |||| 00| 0 ukr d
040 _aUA-OsUOA
_bukr
_cUA-OsUOA
_dUA-OsUOA
041 _aukr
080 _a821.161.2
090 _a821.161.2
_bГ15
100 _aГалан А.
245 _aНевигадане
_bоповідання
260 _aБуенос-Айрес
_bВид-во Юліяна Середяка
_c1967
300 _a320 с.
591 _aЖулинський М. Г.
650 7 _a82 Література. Літературознавство
_2UDC
942 _cBK
_2udc
955 _a3
999 _c375332
_d375332